00000000nam 2200000zi 4500
0019.942084
003CaOODSP
00520250108120429
006m     o  d f      
007cr |n|||||||||
008240819t20242024onca    o    f000 0 eng d
020 |a9780660732435
040 |aCaOODSP|beng|erda|cCaOODSP
043 |an-cn---
0861 |aH129-162/2024E-PDF
24500|aBeware of button batteries.
264 1|a[Ottawa] : |bHealth Canada = Santé Canada, |c[2024]
264 4|c©2024
300 |a1 online resource (1 unnumbered page) : |bcolour illustrations
336 |atext|btxt|2rdacontent
337 |acomputer|bc|2rdamedia
338 |aonline resource|bcr|2rdacarrier
500 |aIssued also in French under title: Attention aux piles boutons!
500 |a"Pub.: 240484."
650 0|aElectric batteries|xHealth aspects|zCanada.
650 0|aElectric batteries|zCanada|xSafety measures.
650 0|aChildren's accidents|zCanada|xPrevention.
7101 |aCanada. |bHealth Canada, |eissuing body.
77508|tAttention aux piles boutons!|w(CaOODSP)9.942087
7760#|tBeware of button batteries.|w(CaOODSP)9.942086
85640|qPDF|s614 KB|uhttps://publications.gc.ca/collections/collection_2025/sc-hc/H129-162-2024-eng.pdf
8564 |qHTML|sN/A|uhttps://www.canada.ca/en/health-canada/services/household-products/battery-safety/resources/poster-beware-button-batteries.html